| 000 | 00979nam a2200217 i 4500 | ||
|---|---|---|---|
| 001 | 167754 | ||
| 003 | ES-MaACL | ||
| 005 | 20250929063250.0 | ||
| 008 | 980113s1799 fr |||| | fre d | ||
| 040 |
_aCAM _bspa _cCAM |
||
| 100 | 1 |
_aVolney, Constantine François de Chasseboeuf, _ccomte de, _d1757-1820 _9133827 |
|
| 245 | 1 | 0 |
_aVoyage en Syrie et en Égypte pendant les ann´es 1783, 84 et 85 ... / _cpar C.F. Volney ...; tome premier. |
| 250 | _aTroisième édition. | ||
| 260 |
_aA Paris : _bchez Dugour et Durand, _cAn VIII [1799] |
||
| 300 |
_a[2], X, 478 p. ; _c8º. |
||
| 597 | _aSign.: []\p6\s, 1-29\p8\s, 30\p7\s. | ||
| 651 | 4 |
_aSiria- _xDescripción. _9159949 |
|
| 651 | 4 |
_aEgipto- _xDescripción. _98141 |
|
| 852 |
_aES-MaACL _jR-3167-8 _x Olim:G-2840-1 _z- Enc. hol. _x- Edic.: en pie de imp. consta An VII -- En nuestro ejemp. en prelim. también consta [ ]\p6\s y hay [2] h. de map. pleg. y [2] h. de grab. pleg. |
||
| 999 |
_c167754 _d167754 |
||